Alle Fußballvereine aus Baden-Württemberg in den Top 4 Ligen - Statistiken

Allgemein
  • Dieses Quiz wurde 237 mal gespielt
    45 seit der letzten Aktualisierung
  • Das Durchschnittsergebnis liegt bei 14 aus 17
Antwortstatistiken
Liga Verein % Korrekt
2. Bundesliga Karlsruher SC
100%
Bundesliga SC Freiburg
100%
Regionalliga Südwest SC Freiburg ll
100%
Bundesliga TSG Hoffenheim
100%
3. Liga TSG Hoffenheim ll
100%
Bundesliga VFB Stuttgart
100%
3. Liga VFB Stuttgart ll
100%
Bundesliga 1. FC Heidenheim
97%
3. Liga SSV Ulm
97%
Regionalliga Südwest Stuttgarter Kickers
92%
3. Liga SV Waldhof Mannheim
92%
Regionalliga Südwest SG Sonnenhof Großaspach
64%
Regionalliga Südwest TSG Balingen
59%
Regionalliga Südwest SGV Freiberg
54%
Regionalliga Südwest SV Sandhausen
54%
Regionalliga Südwest Bahlinger SC
49%
Regionalliga Südwest FC-Astoria Walldorf
44%
Keine übereinstimmenden Quizze gefunden
Verteilung der Resultate
Anzahl Personen mit jedem Resultat
Perzentil nach korrekt beantworteten Fragen
Ihre Resultats-Entwicklung
Sie haben dieses Quiz seit der letzten Aktualisierung nicht gespielt